[Event "CZE-chT2V 9899"]
[Site "CZE"]
[Date "1999.??.??"]
[Round "?"]
[White "Vacek, Radomir"]
[Black "Hosek, Milan"]
[Result "1/2-1/2"]
[WhiteElo "2215"]
[BlackElo "2255"]
[PlyCount "41"]
[EventDate "1998.??.??"]
[Source "www.chesslib.no"]
[SourceDate "2004.05.04"]

1. d4 Nf6 2. c4 g6 3. Nf3 Bg7 4. Nc3 d5 5. e3 O-O 6. Bd3 dxc4 7. Bxc4 c5 8. O-O Nbd7 9. h3 Nb6 10. Bb3 c4 11. Bc2 Nfd5 12. Ne2 e6 13. b3 Bd7 14. Ba3 Re8 15. e4 Ne7 16. Qd2 Bc6 17. Rad1 cxb3 18. axb3 Nbc8 19. Ng3 Nd6 20. Rfe1 Nb5 21. Bb2 1/2-1/2

[Event "Budapest FS03 IM"]
[Site "Budapest"]
[Date "1996.??.??"]
[Round "10"]
[White "Bors, Tamas"]
[Black "Stillger, Bernhard"]
[Result "0-1"]
[WhiteElo "2150"]
[BlackElo "2310"]
[PlyCount "108"]
[EventDate "1996.03.??"]
[Source "ChessBase"]

1. d4 Nf6 2. c4 g6 3. Nc3 d5 4. Nf3 Bg7 5. e3 O-O 6. Bd3 c5 7. O-O cxd4 8. exd4 Nc6 9. h3 b6 10. Bg5 Nb4 11. Be2 dxc4 12. Bxc4 Bb7 13. Ne5 Nbd5 14. Qb3 e6 15. Rad1 h6 16. Bc1 Rc8 17. Rfe1 a6 18. a4 Qd6 19. Bd2 Rc7 20. Rc1 Rfc8 21. f4 Nxc3 22. Rxc3 Bd5 23. Bxd5 Nxd5 24. Rd3 Rc2 25. Bc3 Rxg2+ 26. Kxg2 Nxf4+ 27. Kf1 Bxe5 28. Rf3 Bg7 29. Bd2 Nd5 30. Qd3 a5 31. Re2 Ne7 32. Bc3 Nf5 33. Rd2 Qd5 34. Kf2 Rc4 35. Rf4 h5 36. Re2 Rxa4 37. Qe4 Qxe4 38. Rexe4 Rc4 39. d5 Rxe4 40. Rxe4 exd5 41. Re8+ Kh7 42. Bxg7 Kxg7 43. Rb8 Kf6 44. Rxb6+ Ke5 45. Ra6 g5 46. Rxa5 g4 47. hxg4 hxg4 48. Ra7 Nd6 49. Ra1 f5 50. Rc1 f4 51. Rg1 Ne4+ 52. Ke1 g3 53. Ke2 Ng5 54. Kd3 Nf3 0-1

[Event "Salem op"]
[Site "Salem"]
[Date "2000.??.??"]
[Round "6"]
[White "Syed Anwar, Shazuli"]
[Black "Ram, S Krishnan"]
[Result "1/2-1/2"]
[WhiteElo "2280"]
[BlackElo "2179"]
[PlyCount "138"]
[EventDate "2000.05.??"]
[Source "www.chesslib.no"]
[SourceDate "2004.05.04"]

1. d4 Nf6 2. c4 g6 3. Nc3 d5 4. e3 Bg7 5. Nf3 O-O 6. Bd3 c5 7. O-O cxd4 8. Nxd4 e5 9. Nb3 Nc6 10. cxd5 Nxd5 11. Nxd5 Qxd5 12. e4 Qd8 13. Be3 b6 14. Bc4 Bb7 15. Bd5 Rc8 16. a4 Ba6 17. Re1 Nb4 18. a5 Bb5 19. axb6 axb6 20. Rc1 Ba4 21. Rxc8 Qxc8 22. Qd2 Nxd5 23. Qxd5 Qc2 24. Nd2 Bc6 25. Qc4 Qxc4 26. Nxc4 b5 27. Nd2 Rd8 28. Rc1 Bb7 29. f3 f5 30. Bg5 Rc8 31. Rxc8+ Bxc8 32. Kf2 Kf7 33. Ke3 Ke6 34. Kd3 Bf8 35. Be3 Ba6 36. Kc2 Bb7 37. Kc3 b4+ 38. Kc2 Ba6 39. g3 h6 40. h4 Kd6 41. Nb3 Kc6 42. Kd2 Kb5 43. Kc2 Bb7 44. Nd2 h5 45. b3 Be7 46. Bf2 fxe4 47. fxe4 Bc5 48. Bxc5 Kxc5 49. Kd3 Ba6+ 50. Ke3 Kd6 51. Nf3 Bb5 52. Ne1 Ba6 53. Nf3 Bb5 54. Ng5 Ke7 55. Nh3 Ke6 56. Nf2 Kd6 57. g4 hxg4 58. Nxg4 Bd7 59. Nf2 Bb5 60. Nd3 Ba6 61. Nb2 Bb5 62. Nd1 Ba6 63. Nf2 Bb5 64. Ng4 Bd7 65. Nf2 Bb5 66. Nh1 Bd7 67. Nf2 Bb5 68. Nh3 Ba6 69. Ng5 Bb5 1/2-1/2

[Event "GER-ch U18"]
[Site "Oberhof"]
[Date "1999.??.??"]
[Round "3"]
[White "Reuss, Andreas"]
[Black "Zwanzger, Johannes"]
[Result "1-0"]
[WhiteElo "2185"]
[BlackElo "2266"]
[PlyCount "89"]
[EventDate "1999.??.??"]
[Source "www.chesslib.no"]
[SourceDate "2004.05.04"]

1. d4 Nf6 2. c4 g6 3. Nc3 d5 4. Nf3 Bg7 5. e3 O-O 6. Bd3 c5 7. h3 cxd4 8. exd4 Nc6 9. a3 Be6 10. c5 Qd7 11. b4 Ne4 12. Ne2 a6 13. Qc2 Bf5 14. Bb2 Nf6 15. Ne5 Bxd3 16. Qxd3 Qc7 17. O-O e6 18. Nf3 Ne4 19. Nd2 Nxd2 20. Qxd2 Rad8 21. a4 e5 22. b5 Nxd4 23. Nxd4 exd4 24. Bxd4 Bxd4 25. Qxd4 Rfe8 26. Rfe1 Re4 27. Rxe4 dxe4 28. Qxe4 axb5 29. axb5 Qxc5 30. Qxb7 Rd2 31. Qf3 Rb2 32. Qf6 Qxb5 33. Ra8+ Qb8 34. Rxb8+ Rxb8 35. Kh2 Re8 36. g3 Re6 37. Qd8+ Kg7 38. Qd4+ Kg8 39. Kg2 h5 40. Kf3 Kh7 41. Kf4 Ra6 42. Kg5 Ra5+ 43. Kf6 Rf5+ 44. Ke7 Kg8 45. f4 1-0

[Event "Budapest HUN"]
[Site "?"]
[Date "1998.??.??"]
[Round "?"]
[White "Juhasz Mark"]
[Black "Nogrady Vilmos"]
[Result "0-1"]
[WhiteElo "2150"]
[BlackElo "2300"]
[PlyCount "58"]
[EventDate "1998.??.??"]
[Source "www.chesslib.no"]
[SourceDate "2004.05.04"]

1. d4 Nf6 2. Nf3 g6 3. c4 Bg7 4. Nc3 d5 5. e3 O-O 6. Bd3 c5 7. cxd5 Nxd5 8. O-O Nc6 9. Nxd5 Qxd5 10. e4 Qh5 11. Be2 Bg4 12. h3 Bxf3 13. Bxf3 Qh4 14. d5 Nd4 15. Be3 f5 16. Bxd4 Bxd4 17. Qe2 fxe4 18. Qxe4 Qxe4 19. Bxe4 Rf4 20. Bf3 Bxb2 21. Rab1 Rb4 22. Rfe1 Kf8 23. Re4 Bc3 24. Rexb4 cxb4 25. Kf1 a5 26. Ke2 Be5 27. Be4 Rc8 28. Kd3 Rc3+ 29. Kd2 Ra3 0-1

[Event "USA-chT Amateur East"]
[Site "Parsipanny"]
[Date "2002.02.18"]
[Round "5"]
[White "Kantor, Alan"]
[Black "Dolgitser, Konstantin"]
[Result "0-1"]
[WhiteElo "2176"]
[BlackElo "2262"]
[PlyCount "110"]
[EventDate "2002.02.16"]
[Source "ChessBase"]
[SourceDate "2002.03.14"]

1. d4 Nf6 2. c4 g6 3. Nc3 d5 4. Nf3 Bg7 5. e3 O-O 6. Bd3 b6 7. O-O Bb7 8. b3 Nbd7 9. Bb2 c5 10. Rc1 Rc8 11. Re1 Re8 12. cxd5 Nxd5 13. Nxd5 Bxd5 14. Bb5 Bc6 15. Bxc6 Rxc6 16. Qd2 Rd6 17. Qe2 e5 18. dxe5 Nxe5 19. Bxe5 Bxe5 20. Red1 Bf6 21. Rxd6 Qxd6 22. Rd1 Qc7 23. g3 Rd8 24. Rxd8+ Qxd8 25. Qd2 Qxd2 26. Nxd2 Kf8 27. Kf1 Ke8 28. Ke2 Kd7 29. Kd3 Kc6 30. f4 Kb5 31. Ne4 Be7 32. Nc3+ Kc6 33. e4 g5 34. Nd5 Bd8 35. f5 Kd6 36. a4 a6 37. Ne3 b5 38. axb5 axb5 39. h3 h5 40. g4 h4 41. Nd5 Ke5 42. Ke3 Bf6 43. Nb6 Kd6 44. Kd3 Bb2 45. Nd5 Ke5 46. Ke3 c4 47. bxc4 bxc4 48. Nb4 Bc1+ 49. Kf3 Kd4 50. Nc6+ Kc5 51. Ne5 Bf4 52. Nd7+ Kd4 53. Ke2 Kxe4 54. Nb6 c3 55. Na4 c2 0-1

[Event "EST-FIN Match"]
[Site "Tallinn EST"]
[Date "2008.01.13"]
[Round "1"]
[White "Muutnik, V."]
[Black "Pulkkinen, K."]
[Result "0-1"]
[WhiteElo "2113"]
[BlackElo "2319"]
[PlyCount "102"]
[EventDate "2008.01.13"]
[Source "www.chesslib.no"]
[SourceDate "2004.05.04"]

1. d4 Nf6 2. Nf3 g6 3. c4 Bg7 4. Nc3 d5 5. e3 O-O 6. Bd3 c5 7. dxc5 dxc4 8. Bxc4 Qa5 9. O-O Qxc5 10. Qe2 Bg4 11. Bb3 Qh5 12. Rd1 Nc6 13. h3 Bxf3 14. Qxf3 Qxf3 15. gxf3 Rfd8 16. Bd2 Ne5 17. Kg2 Nd3 18. Rab1 Nc5 19. Bc4 Rac8 20. Be1 Rxd1 21. Rxd1 e6 22. Be2 Ncd7 23. f4 Nb6 24. Bf3 Nfd5 25. Nxd5 Nxd5 26. b3 Rd8 27. Rc1 Bf6 28. Rc2 Kg7 29. Kg3 b6 30. e4 Ne7 31. Rc7 a5 32. Rb7 Nc8 33. e5 Be7 34. Be2 Bc5 35. Rb8 Rf8 36. Rb7 Rd8 37. Rb8 Rf8 38. Kf3 Ne7 39. Rxf8 Kxf8 40. a4 Nd5 41. Bc4 Nb4 42. Bd2 Nc2 43. Bc3 Nd4+ 44. Ke4 Nf5 45. Be1 Ke7 46. f3 Kd7 47. Bb5+ Ke7 48. Bd2 Kd8 49. Bc1 Ke7 50. Bc4 Kd8 51. Bd3 Ng3# 0-1

[Event "Tanta op"]
[Site "Tanta City"]
[Date "2002.05.16"]
[Round "4"]
[White "Tahoun, Emad"]
[Black "Sameeh, Hany"]
[Result "0-1"]
[WhiteElo "2097"]
[BlackElo "2333"]
[PlyCount "103"]
[EventDate "2002.05.13"]
[Source "ChessBase"]
[SourceDate "2002.07.08"]

1. d4 Nf6 2. Nf3 g6 3. c4 Bg7 4. Nc3 d5 5. e3 O-O 6. Bd3 c5 7. O-O cxd4 8. exd4 Nc6 9. h3 dxc4 10. Bxc4 Bf5 11. Be3 Rc8 12. Rc1 Na5 13. Be2 Nc4 14. Bxc4 Rxc4 15. Qb3 Rc7 16. Rfe1 Ne4 17. d5 Nxc3 18. bxc3 b6 19. c4 Qd6 20. Nd4 Bd7 21. Ne2 Rfc8 22. a4 Be5 23. a5 bxa5 24. c5 Rxc5 25. Bxc5 Rxc5 26. Rxc5 Qxc5 27. Qe3 Qxe3 28. fxe3 a4 29. Nd4 f5 30. Rb1 a6 31. Nc6 Bd6 32. Rb7 a3 33. Rb6 Bc8 34. Nb4 Kf7 35. Nc2 a5 36. Rb1 Kf6 37. Ra1 Ke5 38. Nxa3 Kxd5 39. Nb5 Bb4 40. Nd4 Bd7 41. Rd1 Ba4 42. Ra1 Be8 43. Kf2 a4 44. Ke2 e5 45. Nc2 Bc3 46. Rb1 e4 47. Rb7 h5 48. Na3 Bc6 49. Rb1 Kc5 50. Kd1 Be5 51. Nc2 Bb5 52. Kd2 0-1

[Event "It (open)"]
[Site "Balaguer (Spain)"]
[Date "2007.07.17"]
[Round "2"]
[White "Vallverdu Miret Oscar (ESP)"]
[Black "Vilela de Acuna J"]
[Result "0-1"]
[WhiteElo "2076"]
[BlackElo "2346"]
[PlyCount "66"]
[EventDate "2007.??.??"]
[Source "www.chesslib.no"]
[SourceDate "2004.05.04"]

1. d4 Nf6 2. c4 g6 3. Nf3 Bg7 4. Nc3 d5 5. e3 O-O 6. Bd3 c5 7. O-O cxd4 8. exd4 Nc6 9. h3 b6 10. cxd5 Nxd5 11. Be4 Nxc3 12. bxc3 Bb7 13. Bb2 Rc8 14. Ne5 Qc7 15. Nxc6 Bxc6 16. Bxc6 Qxc6 17. Re1 e6 18. Qb3 Rfd8 19. a4 Qc4 20. Qxc4 Rxc4 21. Ra2 Rd5 22. f4 Ra5 23. Rea1 f6 24. Kf2 e5 25. fxe5 fxe5 26. Ke3 exd4+ 27. cxd4 Rc2 28. g3 Rg2 29. Kf3 Rxb2 30. Rxb2 Bxd4 31. Rba2 Bxa1 32. Rxa1 b5 33. Ke3 Rxa4 0-1

[Event "ESP-chT Div 2"]
[Site "Cala Galdana"]
[Date "1999.11.13"]
[Round "6"]
[White "Carrasco Martinez, Juan M"]
[Black "Santos Santos, Pablo"]
[Result "1/2-1/2"]
[WhiteElo "2255"]
[BlackElo "2167"]
[PlyCount "111"]
[EventDate "1999.11.08"]
[Source "ChessBase"]
[SourceDate "2000.01.11"]

1. d4 Nf6 2. Nf3 g6 3. c4 Bg7 4. Nc3 d5 5. e3 O-O 6. Bd3 c5 7. dxc5 dxc4 8. Bxc4 Qa5 9. O-O Qxc5 10. Bb3 Nc6 11. e4 Rd8 12. Be3 Qb4 13. Qc2 Bg4 14. Ng5 Rf8 15. h3 Bd7 16. Rad1 Rad8 17. a3 Qa5 18. f4 e5 19. Nd5 exf4 20. Bxf4 Nxd5 21. Bxd5 Be6 22. Bxe6 fxe6 23. Nxe6 Qb6+ 24. Kh1 Nd4 25. Nxd4 Rxd4 26. Bc1 Rxd1 27. Rxd1 Qb5 28. b3 Rf1+ 29. Rxf1 Qxf1+ 30. Kh2 Be5+ 31. g3 Kf7 32. Qc4+ Qxc4 33. bxc4 Ke6 34. Kg2 Bd4 35. Kf3 a6 36. a4 Be5 37. Bf4 Bd4 38. Ke2 Bb2 39. Kd3 Ba1 40. c5 Bb2 41. Kc4 Ba3 42. a5 Kd7 43. Be3 Bb2 44. Bd4 Bc1 45. Bc3 Kc6 46. e5 Be3 47. Bb4 Bf2 48. g4 Bh4 49. e6 Bf6 50. Bc3 Be7 51. Bd4 Bd8 52. Bc3 Be7 53. Bb4 Bf6 54. Kd3 Be7 55. Ke4 Bf6 56. Kd3 1/2-1/2

[Event "POL-chT"]
[Site "Lubniewice"]
[Date "1981.??.??"]
[Round "1"]
[White "Krawcewicz, Lucyna"]
[Black "Erenska, Hanna"]
[Result "0-1"]
[WhiteElo "2200"]
[BlackElo "2220"]
[PlyCount "44"]
[EventDate "1981.??.??"]
[Source "ChessBase"]

1. d4 Nf6 2. c4 g6 3. Nc3 d5 4. Nf3 Bg7 5. e3 O-O 6. Bd3 c5 7. cxd5 cxd4 8. Nxd4 Nxd5 9. Nde2 Nc6 10. O-O Bg4 11. f3 Nxc3 12. Nxc3 Be6 13. Be4 Bc4 14. Re1 Qa5 15. Bd2 Rad8 16. Qc1 Qa6 17. Bxc6 Qxc6 18. Nd1 Qd6 19. Bc3 Bb5 20. e4 a6 21. Kh1 Rc8 22. Qe3 Rfd8 0-1

[Event "Balatonalm di Open"]
[Site "Balaton"]
[Date "1996.??.??"]
[Round "4"]
[White "Molnar, Mihaly"]
[Black "Berndt, Walter"]
[Result "0-1"]
[WhiteElo "2095"]
[BlackElo "2310"]
[PlyCount "154"]
[EventDate "1996.??.??"]
[Source "www.chesslib.no"]
[SourceDate "2004.05.04"]

1. d4 Nf6 2. c4 g6 3. Nc3 d5 4. Nf3 Bg7 5. e3 O-O 6. Bd3 c6 7. O-O Nbd7 8. cxd5 Nxd5 9. Nxd5 cxd5 10. Bd2 e5 11. dxe5 Nxe5 12. Nxe5 Bxe5 13. Bc3 Bxc3 14. bxc3 Be6 15. Qa4 Qc7 16. Rfc1 Rfc8 17. Rab1 Qe7 18. Qb4 Rc7 19. Qxe7 Rxe7 20. c4 Rd8 21. Kf1 Kg7 22. Ke2 dxc4 23. Bxc4 Bf5 24. Rd1 Rc8 25. Rb4 a5 26. Ra4 Bd7 27. Bb3 Bb5+ 28. Kf3 Bxa4 29. Bxa4 Rc4 30. Bb5 Rc5 31. a4 h5 32. Rd6 Rce5 33. Bc4 Rf5+ 34. Ke2 Rf6 35. Rd5 Rc7 36. Bd3 b6 37. Rb5 Rc5 38. Rb2 Rd6 39. f3 f5 40. g3 Rc3 41. Bb1 Re6 42. e4 fxe4 43. fxe4 Kf6 44. Kd2 Rc5 45. Ke3 Rd6 46. h4 Ke5 47. Rb3 Rdc6 48. Bd3 Rd6 49. Be2 Kf6 50. Kf4 g5+ 51. hxg5+ Rxg5 52. Re3 Re5 53. Bxh5 Rd4 54. Bf3 Rxa4 55. g4 Rb4 56. Rd3 Rc5 57. Bd1 Rcc4 58. g5+ Ke7 59. Bf3 Rc5 60. Bg4 Rb1 61. Rd7+ Ke8 62. Rb7 Rf1+ 63. Ke3 Rxg5 64. Be2 Rb1 65. Kf4 Rc5 66. Ra7 Rb2 67. Bd1 Rf2+ 68. Ke3 Rf6 69. Ba4+ Kd8 70. Rd7+ Kc8 71. Kd4 Rg5 72. Re7 Rd6+ 73. Ke3 b5 74. e5 Rd7 75. Re8+ Rd8 76. Rxd8+ Kxd8 77. Kf4 bxa4 0-1

[Event "St Petersburg RUS"]
[Site "?"]
[Date "2005.11.05"]
[Round "8"]
[White "Abramov Valentin"]
[Black "Gnidash Alexsander"]
[Result "1-0"]
[WhiteElo "2338"]
[BlackElo "2049"]
[PlyCount "67"]
[EventDate "2005.??.??"]
[Source "www.chesslib.no"]
[SourceDate "2004.05.04"]

1. d4 Nf6 2. Nf3 g6 3. c4 Bg7 4. Nc3 d5 5. e3 O-O 6. Bd3 dxc4 7. Bxc4 c5 8. O-O Nc6 9. d5 Na5 10. Be2 a6 11. a4 c4 12. e4 Bd7 13. e5 Ne8 14. Be3 Nb3 15. Ra3 b5 16. axb5 axb5 17. Rxb3 cxb3 18. Qxb3 Qa5 19. Bc5 Nc7 20. Bxe7 Rfe8 21. Bb4 Qb6 22. Bd6 Rab8 23. Ne4 Bf5 24. Bc5 Qa5 25. Nd6 Red8 26. Nxf5 gxf5 27. Bd6 Rb7 28. Nh4 Qa4 29. Qg3 Nxd5 30. Nxf5 f6 31. Bf3 Nf4 32. exf6 Nh5 33. Bxh5 Qe4 34. Be7 1-0

[Event "35th T-ch GR"]
[Site "Ermioni"]
[Date "2006.07.07"]
[Round "3.1"]
[White "Ilandzis, Spyridon"]
[Black "Dounis, Alexandros"]
[Result "1/2-1/2"]
[WhiteElo "2174"]
[BlackElo "2152"]
[PlyCount "72"]
[EventDate "2006.07.??"]
[Source "www.chesslib.no"]
[SourceDate "2004.05.04"]

1. d4 Nf6 2. Nf3 g6 3. c4 Bg7 4. Nc3 d5 5. e3 O-O 6. Bd3 c5 7. h3 Nc6 8. O-O cxd4 9. exd4 Nb4 10. Be2 Bf5 11. Nh4 Be6 12. c5 Ne4 13. Nf3 b6 14. cxb6 Qxb6 15. Qb3 Rfd8 16. a3 Nc6 17. Qxb6 axb6 18. Be3 Na5 19. Rac1 Nb3 20. Rb1 Nxc3 21. bxc3 Rxa3 22. Bd1 Na5 23. Rxb6 Nc4 24. Rb3 Rda8 25. Bc1 Rxb3 26. Bxb3 Bf5 27. Re1 e6 28. Bxc4 dxc4 29. Bf4 h6 30. Be5 Bf8 31. Bf6 Ra2 32. Ne5 Rc2 33. Re3 Rc1+ 34. Kh2 Bd6 35. g3 Bxe5 36. Rxe5 g5 1/2-1/2

[Event "Tanta op"]
[Site "Tanta City"]
[Date "2002.05.20"]
[Round "7"]
[White "Tahoun, Emad"]
[Black "Abdel Samee, Mohamed"]
[Result "1-0"]
[WhiteElo "2097"]
[BlackElo "2225"]
[PlyCount "97"]
[EventDate "2002.05.13"]
[Source "ChessBase"]
[SourceDate "2002.07.08"]

1. d4 g6 2. Nf3 Bg7 3. c4 Nf6 4. Nc3 d5 5. e3 O-O 6. Bd3 c5 7. h3 cxd4 8. exd4 dxc4 9. Bxc4 Qc7 10. Bb3 Nc6 11. O-O Rd8 12. Be3 a6 13. Rc1 Qa5 14. Qe2 Qh5 15. Rfe1 Na5 16. Bd1 Be6 17. b3 Nc6 18. Na4 Qb5 19. Qb2 Nd5 20. Rc5 Ncb4 21. Rxb5 axb5 22. Nc3 Nd3 23. Qd2 Nxe1 24. Nxe1 Nxc3 25. Qxc3 Rxa2 26. Bf3 Rc8 27. Qb4 Ra1 28. Kh2 Rb1 29. Bg4 f5 30. Be2 Bf6 31. Bxb5 Rxb3 32. Qa4 Rcc3 33. Nf3 Ra3 34. Qd1 Bd5 35. Ne5 Ra2 36. Be2 Bb3 37. Qe1 Rcc2 38. Bd1 Bd5 39. Bxc2 Rxc2 40. Qa5 Be4 41. Bh6 b6 42. Qb5 Bxe5+ 43. dxe5 Kf7 44. f3 Rc5 45. Qxb6 Rxe5 46. fxe4 Rxe4 47. Qb2 Re6 48. Qb3 Kf6 49. Bg7+ 1-0

[Event "BL9697 (Women)"]
[Site "Germany"]
[Date "1996.??.??"]
[Round "?"]
[White "Goehler, Antje"]
[Black "Bednarska, Malgorzata"]
[Result "0-1"]
[WhiteElo "2140"]
[BlackElo "2165"]
[PlyCount "82"]
[EventDate "1996.10.??"]
[Source "www.chesslib.no"]
[SourceDate "2004.05.04"]

1. d4 g6 2. c4 Nf6 3. Nc3 d5 4. e3 Bg7 5. Nf3 O-O 6. Bd3 c5 7. dxc5 Qa5 8. O-O dxc4 9. Bxc4 Qxc5 10. Bb3 Nc6 11. Qe2 Na5 12. Bc2 Be6 13. Na4 Qc7 14. Bd3 Bc4 15. Bd2 b5 16. Bxa5 Bxd3 17. Qd2 Qd6 18. Bb4 Ne4 19. Qe1 Qa6 20. Nc5 Nxc5 21. Bxc5 Bxf1 22. Qxf1 Bxb2 23. Rb1 Bf6 24. Qxb5 Qxb5 25. Rxb5 Rfc8 26. Nd4 a6 27. Ra5 e5 28. Nb3 Bd8 29. Ra4 Rab8 30. Rc4 Be7 31. Ba7 Rxc4 32. Bxb8 Rc2 33. Bxe5 Rxa2 34. g3 a5 35. Kg2 a4 36. Na5 Rc2 37. Bd4 Bf8 38. e4 Bb4 39. Nb7 a3 40. e5 a2 41. Nd6 Bc3 0-1

[Event "GER-ch U17"]
[Site "Oberhof"]
[Date "1998.??.??"]
[Round "?"]
[White "Foerster, Jonas"]
[Black "Zwanzger, Johannes"]
[Result "1/2-1/2"]
[WhiteElo "2070"]
[BlackElo "2235"]
[PlyCount "76"]
[EventDate "1998.??.??"]
[Source "www.chesslib.no"]
[SourceDate "2004.05.04"]

1. d4 Nf6 2. Nf3 g6 3. c4 Bg7 4. Nc3 d5 5. e3 O-O 6. Bd3 dxc4 7. Bxc4 c5 8. O-O Nbd7 9. Qe2 a6 10. a4 cxd4 11. exd4 Nb6 12. Bb3 Nbd5 13. Ne5 Be6 14. Qf3 Qd6 15. Bg5 Nxc3 16. Bxe6 Ne2+ 17. Qxe2 Qxe6 18. Rfe1 Rfd8 19. Rad1 Rac8 20. Qf3 Qd5 21. Qxd5 Nxd5 22. Nf3 Rd7 23. Rc1 Rdc7 24. Kf1 h6 25. Bd2 e6 26. Rxc7 Rxc7 27. Rc1 Kf8 28. Rxc7 Nxc7 29. Ke2 Nd5 30. Kd3 Ke7 31. Ne1 Kd6 32. Nc2 b5 33. axb5 axb5 34. Na3 Kc6 35. b3 Bf8 36. Nc2 h5 37. h3 Bd6 38. g3 Bc7 1/2-1/2

[Event "DDR-ch playoff (Women)"]
[Site "?"]
[Date "1975.04.07"]
[Round "1"]
[White "Nuenchert Eveline"]
[Black "Domsgen Hoelzlein Christina"]
[Result "1/2-1/2"]
[WhiteElo "2155"]
[BlackElo "2135"]
[PlyCount "40"]
[EventDate "1975.??.??"]
[Source "www.chesslib.no"]
[SourceDate "2004.05.04"]

1. c4 g6 2. Nc3 Nf6 3. d4 d5 4. Nf3 Bg7 5. e3 O-O 6. Bd3 dxc4 7. Bxc4 Nbd7 8. O-O c5 9. dxc5 Nxc5 10. Qe2 Bg4 11. e4 e5 12. h3 Bxf3 13. Qxf3 h6 14. Rd1 Qe7 15. Be3 Rad8 16. Nd5 Nxd5 17. Rxd5 Rxd5 18. Bxd5 b6 19. Rd1 Kh7 20. Bxc5 Qxc5 1/2-1/2

[Event "Stare Mesto"]
[Site "?"]
[Date "2006.08.17"]
[Round "8"]
[White "Zavadilova Jana"]
[Black "Plat Vojtech"]
[Result "1-0"]
[WhiteElo "2057"]
[BlackElo "2216"]
[PlyCount "93"]
[EventDate "2006.??.??"]
[Source "www.chesslib.no"]
[SourceDate "2004.05.04"]

1. d4 Nf6 2. c4 g6 3. Nc3 d5 4. e3 Bg7 5. Nf3 O-O 6. Bd3 c6 7. O-O Nbd7 8. b3 Re8 9. Bb2 Nb6 10. e4 dxe4 11. Nxe4 Nxe4 12. Bxe4 Nd7 13. h3 c5 14. Qd2 f5 15. Ng5 Nf8 16. Bc2 cxd4 17. f4 e5 18. fxe5 Bh6 19. h4 Ne6 20. Nxe6 Bxd2 21. Nxd8 Rxd8 22. Rad1 Be3+ 23. Kh2 Be6 24. Rd3 f4 25. Rdd1 Bg4 26. Ra1 Re8 27. Be4 Rxe5 28. Bxb7 Rd8 29. g3 Re7 30. Bf3 Bxf3 31. Rxf3 Rf8 32. Kg2 Re4 33. Rd1 Rd8 34. Rd3 h6 35. Rf1 fxg3 36. Kxg3 g5 37. hxg5 hxg5 38. Bc1 Rf4 39. Rfd1 Bf2+ 40. Kg2 Rf5 41. Rf3 Rxf3 42. Kxf3 Rf8+ 43. Kg4 Re8 44. Bxg5 Re2 45. Rd2 d3 46. Kf3 Re5 47. Bf4 1-0

[Event "Jacques Lemans op"]
[Site "?"]
[Date "1999.??.??"]
[Round "2.15"]
[White "Heimberger Reinhard"]
[Black "Eichhorn Alfred"]
[Result "1-0"]
[WhiteElo "2280"]
[BlackElo "1985"]
[PlyCount "42"]
[EventDate "1999.??.??"]
[Source "www.chesslib.no"]
[SourceDate "2004.05.04"]

1. c4 Nf6 2. Nc3 d5 3. d4 g6 4. Nf3 Bg7 5. e3 O-O 6. Bd3 c5 7. O-O cxd4 8. exd4 Nc6 9. h3 Nb4 10. Be2 dxc4 11. Bxc4 Bf5 12. Bg5 Rc8 13. Qe2 Qc7 14. b3 a6 15. a4 Qa5 16. Qxe7 Nc2 17. Bxf6 Bxf6 18. Qxf6 Qxc3 19. Rac1 b5 20. axb5 axb5 21. Bd5 Rfd8 1-0

[Event "Memorial Tadeusz Gniota (open)"]
[Site "Police (Poland)"]
[Date "2007.07.14"]
[Round "4"]
[White "Radwan Leszek (POL)"]
[Black "Krasowski Slawomir (POL)"]
[Result "1/2-1/2"]
[WhiteElo "2170"]
[BlackElo "2081"]
[PlyCount "43"]
[EventDate "2007.??.??"]
[Source "www.chesslib.no"]
[SourceDate "2004.05.04"]

1. Nf3 Nf6 2. d4 g6 3. c4 Bg7 4. Nc3 d5 5. e3 O-O 6. Bd3 c6 7. O-O dxc4 8. Bxc4 b5 9. Bd3 Na6 10. a3 Nc7 11. Ne5 Bb7 12. Qc2 Rc8 13. f4 Ncd5 14. Nxd5 Qxd5 15. Qe2 Nd7 16. Rd1 a6 17. e4 Qe6 18. Be3 Nxe5 19. dxe5 c5 20. Rac1 c4 21. Bb1 Rcd8 22. Rxd8 1/2-1/2

[Event "Open A"]
[Site "?"]
[Date "2005.10.09"]
[Round "9"]
[White "Colpe Helge"]
[Black "Bildat Juergen"]
[Result "0-1"]
[WhiteElo "2091"]
[BlackElo "2157"]
[PlyCount "72"]
[EventDate "2005.??.??"]
[Source "www.chesslib.no"]
[SourceDate "2004.05.04"]

1. d4 Nf6 2. Nf3 g6 3. c4 Bg7 4. Nc3 d5 5. e3 O-O 6. Bd3 c5 7. h3 cxd4 8. exd4 Nc6 9. O-O Nb4 10. Be2 dxc4 11. Bxc4 Bf5 12. a3 Nbd5 13. Qe2 Be6 14. Bg5 h6 15. Bh4 Nf4 16. Qd2 Bxc4 17. Qxf4 g5 18. Bxg5 hxg5 19. Nxg5 Bxf1 20. Rxf1 Nh7 21. Nxh7 Kxh7 22. Ne4 Qxd4 23. Qf5+ Kg8 24. Ng5 Qh4 25. Re1 e6 26. Qa5 b6 27. Qd2 Rad8 28. Qc1 Bh6 29. f4 Bxg5 30. fxg5 Qd4+ 31. Kh2 Qd2 32. Qb1 Qf4+ 33. Kh1 Qf5 34. Qc1 Rd5 35. Re3 Rfd8 36. Qc4 Rd4 0-1

[Event "URU Ch"]
[Site "?"]
[Date "2004.05.17"]
[Round "5"]
[White "Gonzalez Nahuel"]
[Black "Magaldi Nelson"]
[Result "0-1"]
[WhiteElo "2055"]
[BlackElo "2185"]
[PlyCount "38"]
[EventDate "2004.??.??"]
[Source "www.chesslib.no"]
[SourceDate "2004.05.04"]

1. c4 Nf6 2. Nf3 g6 3. d4 Bg7 4. Nc3 d5 5. e3 O-O 6. Bd3 c5 7. O-O cxd4 8. exd4 Nc6 9. cxd5 Nb4 10. Bc4 Nbxd5 11. Ne5 Be6 12. Qe2 Re8 13. Nxd5 Nxd5 14. Bb3 Qb6 15. Rd1 Red8 16. Bxd5 Bxd5 17. Be3 Qe6 18. Re1 Bxa2 19. b4 Bd5 0-1

[Event "Malaga Ch"]
[Site "Malaga ESP"]
[Date "1995.??.??"]
[Round "2"]
[White "Mendoza Navas, Pedro"]
[Black "Bernabe Duran, Francisco"]
[Result "0-1"]
[WhiteElo "2015"]
[BlackElo "2200"]
[PlyCount "46"]
[EventDate "1995.??.??"]
[Source "www.chesslib.no"]
[SourceDate "2004.05.04"]

1. d4 Nf6 2. c4 g6 3. Nc3 d5 4. Nf3 Bg7 5. e3 O-O 6. Bd3 c5 7. O-O cxd4 8. Nxd4 Nc6 9. Nxc6 bxc6 10. cxd5 cxd5 11. Qe2 Bb7 12. Rb1 Rc8 13. Bd2 e5 14. Ba6 Qb6 15. Bxb7 Qxb7 16. Rfd1 Rfd8 17. Be1 Bf8 18. f3 d4 19. Bh4 dxc3 20. Rxd8 Rxd8 21. Bxf6 Rd2 22. Qe1 c2 23. Rc1 Qd7 0-1

[Event "FRA-chT2"]
[Site "?"]
[Date "2002.03.10"]
[Round "9"]
[White "Desnos Alexandre"]
[Black "Goncalves Laurent"]
[Result "1-0"]
[WhiteElo "2111"]
[BlackElo "2098"]
[PlyCount "59"]
[EventDate "2002.??.??"]
[Source "www.chesslib.no"]
[SourceDate "2004.05.04"]

1. d4 Nf6 2. c4 g6 3. Nc3 d5 4. Nf3 Bg7 5. e3 O-O 6. Bd3 c5 7. O-O cxd4 8. exd4 Nc6 9. Be3 Nb4 10. Be2 dxc4 11. Bxc4 Nbd5 12. Qb3 Nb6 13. Bd3 Be6 14. Qd1 Nfd5 15. Nxd5 Bxd5 16. Nd2 Rc8 17. Qe2 Bc6 18. Rfd1 Bxd4 19. Nb3 Bxe3 20. Qxe3 Qd5 21. f3 Qh5 22. Rac1 Nd5 23. Qf2 Nf4 24. Bf1 Qg5 25. g3 Rfd8 26. h4 Qf6 27. gxf4 Qxf4 28. Bg2 Ba4 29. Rxc8 Rxc8 30. Rd4 1-0

[Event "XXV Open del Liechtenstein"]
[Site "Triesen LIE"]
[Date "2007.05.18"]
[Round "8"]
[White "Boegli, Ulrich"]
[Black "Fraas, Martin"]
[Result "0-1"]
[WhiteElo "2041"]
[BlackElo "2164"]
[PlyCount "122"]
[EventDate "2007.05.11"]
[Source "www.chesslib.no"]
[SourceDate "2004.05.04"]

1. d4 Nf6 2. c4 g6 3. Nc3 d5 4. Nf3 Bg7 5. e3 O-O 6. Bd3 b6 7. O-O Bb7 8. b3 dxc4 9. bxc4 c5 10. Bb2 cxd4 11. exd4 Nc6 12. d5 Nb4 13. Be2 Na6 14. Rc1 Nc5 15. Qc2 Rc8 16. Rfd1 a6 17. Na4 Nxa4 18. Bxf6 Bxf6 19. Qxa4 Qc7 20. Nd2 Rfd8 21. Ne4 Bg7 22. Qb3 Ba8 23. Bf3 Bh6 24. Rc3 Bg7 25. Rcc1 h6 26. c5 bxc5 27. Rxc5 Qb8 28. Qxb8 Rxb8 29. h4 f5 30. Ng3 Be5 31. Ne2 Rb4 32. g3 Ra4 33. Rd2 Kg7 34. Kg2 g5 35. hxg5 hxg5 36. Nc1 g4 37. Bd1 Rd4 38. Rxd4 Bxd4 39. Ra5 Rxd5 40. Rxd5 Bxd5+ 41. Kf1 e5 42. Nb3 Bc3 43. a4 Bc4+ 44. Kg1 Kf6 45. Nc5 Ke7 46. Kg2 Kd6 47. Nb3 Bd5+ 48. Kf1 Bc4+ 49. Kg2 Bd3 50. f3 gxf3+ 51. Kxf3 a5 52. Ke3 Bc4 53. Bc2 Be6 54. Ke2 e4 55. Ke3 Ke5 56. Bd1 Be1 57. Ke2 Bxb3 58. Kxe1 Bxd1 59. Kxd1 e3 60. Ke1 Kd4 61. Ke2 Ke4 0-1